LEADER 00989nam a2200217 4500 001 000000342192 003 CaOOAMICUS 005 20200922150310.0 008 200922s1983 it ga 000 u ita r 040 $aSeMil$bita 111 0 $aCongresso Eucaristico Nazionale <20. ; 1983 ; Milano>.$0(OLS)http://semarc/name/3934 245 10$aAlla ricerca di Lui :$bper i ragazzi e le ragazze delle medie. 264 1$aMilan :$b[s.n.],$c1983. 300 $a34 p. :$bill. ;$c21x21 cm 500 $aIn copertina : Schede catechistiche per preadolescenti in preparazione al C.E.N. [Congresso Eucaristico Nazionale] 650 4$aEucaristia - Catechesi.$0(OLS)http://semarc/subject/9279 850 $aSeMil 852 $aSeMil$W1$xVenegono$y1$m5D XII 31/4$j221568$B233169$CSeMilBibl$Z2$F233169 $81 996 $6245$aAlla ricerca di Lui :$bper i ragazzi e le ragazze delle medie$9(OLS)http://semarc/title/431049 996 $6264$aMilan :$b[s.n.]$9(OLS)http://semarc/publisher/47572 LEADER 02284nam a2200325 i 4500 001 000000024854 003 CaOOAMICUS 005 20190419123429.0 008 180830s2010 it u000 u ita u 040 $aSeMil$bita 245 12$aI comandamenti :$bicone del passato o principi validi in ogni luogo e in ogni tempo? 260 $aBologna :$bIl Mulino,$c2010-2012. 300 $a11 v. ;$c18 cm. 650 4$aDecalogo.$0(OLS)http://semarc/subject/1464 774 0 $aCacciari, Massimo <1944- >$tIo sono il Signore Dio tuo.$dBologna : Il Mulino, 2010.$kVoci$z978-88-15-13776-0$w()201425 774 0 $aDonà, Massimo <1957- >$tSantificare la Festa.$dBologna : Il Mulino, 2010.$kVoci$z978-88-15-13788-3$w()201427 774 0 $aLaras, Giuseppe $tOnora il padre e la madre.$dBologna : Il Mulino, 2010.$kVoci$z978-88-15-13777-7$w()201428 774 0 $aCantarella, Eva <1936- >$tNon commettere adulterio.$dBologna : Il Mulino, 2010.$kVoci$z978-88-15-13970-2$w()201429 774 0 $tNon rubare.$dBologna : Il Mulino, 2010.$kVoci$z978-88-15-13778-4$w()201430 774 0 $aBianchi, Enzo <1943- >$tAma il prossimo tuo.$dBologna : Il Mulino, 2011.$kVoci$z978-88-15-23377-6$w()212743 774 0 $aNatoli, Salvatore <1942- >$tNon ti farai idolo né immagine.$dBologna : Il Mulino, 2011.$kVoci$z978-88-15-15045-5$w()217412 774 0 $aGalli, Carlo$tNon nominare il nome di Dio invano.$dBologna : Il Mulino, 2011.$kVoci$z978-88-15-15067-7$w()217413 774 0 $aCavarero, Adriana <1947- >$tNon uccidere.$dBologna : Il Mulino, 2011.$kVoci$z978-88-15-15011-0$w()217414 774 0 $aRavasi, Gianfranco $tNon desiderare la donna e la roba d'altri.$dBologna : Il Mulino, 2010.$kVoci$z978-88-15-13794-4$w()217415 774 0 $aPadovani, Tullio$tNon dire falsa testimonianza.$dBologna : Il Mulino, 2011.$kVoci$z978-88-15-15068-4$w()217765 774 0 $aLaras, Giuseppe $tOnora il padre e la madre.$dBologna : Il Mulino, 2010.$kVoci$z978-88-15-13777-7$w()221329 830 0$aVoci.$0(OLS)http://semarc/title/422936 996 $6245$aI comandamenti :$bicone del passato o principi validi in ogni luogo e in ogni tempo?$9(OLS)http://semarc/title/33478 996 $6260$aBologna :$bIl Mulino$9(OLS)http://semarc/publisher/29842